| 000 | 01051nam0a22002771 4500 | ||
|---|---|---|---|
| 001 | rc\636019 | ||
| 005 | 20250621192653.0 | ||
| 035 | _a(NLR Aleph) 005877874 | ||
| 090 |
_a6047125 _c6047125 |
||
| 100 | _a20031121d1986 |||y0rusy50 ca | ||
| 101 | 0 | _arus | |
| 102 | _aRU | ||
| 105 | _aa ||||||||| | ||
| 200 | 1 |
_aСредства навигации малых судов _eСправочник _fБ.Г. Мордвинов, В.Т. Кондрашихин, Р.А. Скубко |
|
| 210 |
_aЛ. _cСудостроение _d1986 |
||
| 215 |
_a167, [1] с. _cил. _d20 |
||
| 225 | 1 | _aБиблиотека журнала "Катера и яхты" | |
| 320 | _aБиблиогр.: с. 166 (27 назв.) | ||
| 700 | 1 |
_aМордвинов _bБ.Г. _gБаррикадо Георгиевич |
|
| 701 | 1 |
_aКондрашихин _bВ.Т. _gВладимир Тимофеевич |
|
| 701 | 1 |
_aСкубко _bР.А. _gРоман Андреевич |
|
| 801 | 0 |
_aRU _bNLR _gpsbo |
|
| 801 | 1 |
_aRU _bELAR _2rusmarc |
|
| 852 |
_aNLR _j86-3/12219 |
||
| 942 | _cBOOK | ||
| 980 | _aNB | ||